[Event "IECC CL3-2000.40"]
[Site "IECC email"]
[Date "2000.07.26"]
[Round "?"]
[White "Goldshtein, Sasha"]
[Black "Popov, Boris"]
[Result "1/2-1/2"]
[WhiteElo "1989"]
[BlackElo "1899"]
[PlyCount "74"]
[EventDate "2000.??.??"]
[EventType "tourn (corr)"]
[EventRounds "4"]
[SourceTitle "Corr 2008"]
[Source "ChessBase"]
[SourceDate "2008.06.24"]
[SourceVersion "1"]
[SourceVersionDate "2008.06.24"]
[SourceQuality "1"]

1. d4 d5 2. c4 dxc4 3. Nf3 Nf6 4. Nc3 c6 5. a4 Bf5 6. Ne5 e6 7. f3 c5 8. e4 cxd4 9. exf5 Nc6 10. Nxc6 bxc6 11. fxe6 fxe6 12. Bxc4 dxc3 13. bxc3 Qxd1+ 14. Kxd1 Nd5 15. Kc2 Rb8 16. Bxd5 cxd5 17. Bf4 Rc8 18. Rhb1 Bc5 19. Be5 Rf8 20. Rb7 Rf7 21. Rab1 g5 22. a5 a6 23. Kd3 Rxb7 24. Rxb7 Rc6 25. Rxh7 Be7 26. g3 Rc5 27. h4 gxh4 28. gxh4 Rxa5 29. h5 Ra1 30. Rh8+ Kf7 31. f4 Rh1 32. Rh7+ Kf8 33. c4 a5 34. h6 dxc4+ 35. Kxc4 a4 36. Kd3 a3 37. Kc4 a2 1/2-1/2

[Event "IECC P email"]
[Site "IECC email"]
[Date "2000.04.14"]
[Round "?"]
[White "Goldshtein, Sasha"]
[Black "Roldan Ortiz, Antonio Jose"]
[Result "1-0"]
[WhiteElo "1951"]
[BlackElo "1925"]
[PlyCount "81"]
[EventDate "2000.??.??"]
[EventType "tourn (corr)"]
[EventRounds "6"]
[SourceTitle "Corr 2008"]
[Source "ChessBase"]
[SourceDate "2008.06.24"]
[SourceVersion "1"]
[SourceVersionDate "2008.06.24"]
[SourceQuality "1"]

1. d4 Nf6 2. c4 e5 3. dxe5 Ng4 4. Nf3 Bc5 5. e3 Nc6 6. Be2 Ngxe5 7. 0-0 0-0 8. Nxe5 Nxe5 9. Nc3 d6 10. Na4 Bb6 11. b3 Bd7 12. f4 Bxa4 13. fxe5 Bc6 14. exd6 Qxd6 15. Qxd6 cxd6 16. Rd1 Rad8 17. Bf3 f5 18. Kf2 f4 19. Rd3 Rfe8 20. Bd2 Re5 21. Re1 Rde8 22. a3 Be4 23. Bxe4 Rxe4 24. Kf3 g5 25. h3 h5 26. Bc1 Kf7 27. Rd5 R4e5 28. Rxe5 dxe5 29. Ke4 Kf6 30. Rd1 Bxe3 31. Bxe3 fxe3 32. Kxe3 Ke6 33. c5 Rc8 34. b4 Kf5 35. Rd7 b6 36. Rxa7 bxc5 37. b5 c4 38. b6 c3 39. b7 Rb8 40. a4 c2 41. Kd2 1-0

[Event "IECC P email"]
[Site "IECC email"]
[Date "2000.03.20"]
[Round "?"]
[White "Bieronski, Wlodzimierz"]
[Black "Goldshtein, Sasha"]
[Result "1-0"]
[WhiteElo "2230"]
[BlackElo "1943"]
[PlyCount "83"]
[EventDate "2000.??.??"]
[EventType "tourn (corr)"]
[EventRounds "6"]
[SourceTitle "Corr 2008"]
[Source "ChessBase"]
[SourceDate "2008.06.24"]
[SourceVersion "1"]
[SourceVersionDate "2008.06.24"]
[SourceQuality "1"]

1. e4 c5 2. Nf3 d6 3. d4 cxd4 4. Bb5+ Nc6 5. Nxd4 Bd7 6. 0-0 Nf6 7. Nc3 e6 8. a4 Be7 9. a5 Nxd4 10. Bxd7+ Qxd7 11. Qxd4 0-0 12. a6 Rfd8 13. Qd3 bxa6 14. Rxa6 Qb7 15. Bg5 h6 16. Bc1 Nd7 17. Qe2 Nc5 18. Ra3 Bf6 19. Re1 d5 20. e5 Be7 21. Qg4 Bf8 22. Ne2 Ne4 23. Rd3 Qc7 24. c3 g6 25. Nd4 Bg7 26. Qh4 h5 27. f3 Nc5 28. Rde3 Rdb8 29. g4 Bh6 30. gxh5 Bxe3+ 31. Rxe3 Nb3 32. Nxb3 Rxb3 33. f4 Qd8 34. Qh3 Rb6 35. hxg6 fxg6 36. Rg3 Qe8 37. Qg2 Kh8 38. Rh3+ Kg8 39. Rh6 Kg7 40. Qg5 Qf7 41. Qh4 Qg8 42. f5 1-0

[Event "IECC Swiss email"]
[Site "IECC email"]
[Date "1999.10.16"]
[Round "?"]
[White "Goldshtein, Sasha"]
[Black "Nowicki, Andrzej"]
[Result "1-0"]
[WhiteElo "1930"]
[BlackElo "1879"]
[PlyCount "133"]
[EventDate "1999.??.??"]
[EventType "tourn (corr)"]
[EventRounds "6"]
[SourceTitle "Corr 2008"]
[Source "ChessBase"]
[SourceDate "2008.06.24"]
[SourceVersion "1"]
[SourceVersionDate "2008.06.24"]
[SourceQuality "1"]

1. d4 d5 2. c4 e6 3. Nc3 Nf6 4. Nf3 Be7 5. Bg5 0-0 6. e3 Ne4 7. Bxe7 Qxe7 8. Rc1 Nc6 9. Be2 Nxc3 10. Rxc3 dxc4 11. Bxc4 e5 12. Nxe5 Nxe5 13. dxe5 Qxe5 14. 0-0 c6 15. Qb3 Qe7 16. Rd1 Bf5 17. Qa3 Qxa3 18. Rxa3 a6 19. Be2 Be6 20. Rad3 Bc4 21. R3d2 Bxa2 22. Rd7 Rab8 23. Bf3 f5 24. R1d6 Rf7 25. Rd8+ Rxd8 26. Rxd8+ Rf8 27. Rd7 Rb8 28. h4 Kf8 29. Kh2 Be6 30. Rc7 a5 31. Kg3 a4 32. h5 Bb3 33. h6 gxh6 34. Rxh7 Kg8 35. Rd7 Be6 36. Rc7 Bb3 37. Kf4 Bc2 38. Ke5 Re8+ 39. Kf6 Be4 40. Rg7+ Kf8 41. Rh7 Kg8 42. Rg7+ Kh8 43. Rxb7 c5 44. Bxe4 Rxe4 45. Kxf5 Rb4 46. Ra7 Rxb2 47. f4 Rxg2 48. Rxa4 h5 49. Kf6 Rg4 50. Rc4 h4 51. Rxc5 Rg7 52. Rc2 h3 53. Rh2 Rg3 54. e4 Kg8 55. e5 Rg4 56. Rxh3 Rxf4+ 57. Ke7 Rf7+ 58. Ke6 Rf1 59. Ra3 Kg7 60. Ra7+ Kg6 61. Ra8 Kg7 62. Kd6 Rd1+ 63. Ke7 Re1 64. e6 Kg6 65. Kd7 Rd1+ 66. Ke8 Rh1 67. Ra3 1-0

[Event "IECC M email"]
[Site "IECC email"]
[Date "1999.09.19"]
[Round "?"]
[White "Goldshtein, Sasha"]
[Black "Turp, Phil"]
[Result "1-0"]
[WhiteElo "1950"]
[BlackElo "2032"]
[PlyCount "57"]
[EventDate "1999.??.??"]
[EventType "tourn (corr)"]
[EventRounds "6"]
[SourceTitle "Corr 2008"]
[Source "ChessBase"]
[SourceDate "2008.06.24"]
[SourceVersion "1"]
[SourceVersionDate "2008.06.24"]
[SourceQuality "1"]

1. e4 e5 2. Nf3 Nf6 3. Nxe5 d6 4. Nf3 Nxe4 5. d4 d5 6. Bd3 Be7 7. 0-0 Nc6 8. c4 Nb4 9. Be2 Be6 10. Nc3 0-0 11. Be3 Bf5 12. Ne5 Bf6 13. g4 Be6 14. f4 Nxc3 15. bxc3 Nc6 16. Rb1 Re8 17. Qc2 Bxe5 18. fxe5 dxc4 19. Rxb7 Qc8 20. Rb2 Bxg4 21. Bxc4 Nd8 22. Bd5 Rb8 23. Rxb8 Qxb8 24. Be4 h6 25. Qg2 Qc8 26. Bxh6 g6 27. Rf4 Bh3 28. Qg3 Qe6 29. Bg5 1-0

[Event "IECC KO email"]
[Site "IECC email"]
[Date "1999.07.24"]
[Round "?"]
[White "Peters, Charles William"]
[Black "Goldshtein, Sasha"]
[Result "0-1"]
[WhiteElo "949"]
[BlackElo "1955"]
[PlyCount "50"]
[EventDate "1999.??.??"]
[EventType "tourn (corr)"]
[EventRounds "6"]
[SourceTitle "Corr 2008"]
[Source "ChessBase"]
[SourceDate "2008.06.24"]
[SourceVersion "1"]
[SourceVersionDate "2008.06.24"]
[SourceQuality "1"]

1. e4 c5 2. Bc4 e6 3. Nf3 d5 4. Bb5+ Nc6 5. Nc3 Nf6 6. exd5 exd5 7. 0-0 Bd6 8. a4 0-0 9. Ra3 Nd4 10. Bd3 Nxf3+ 11. Qxf3 Bg4 12. Qe3 c4 13. f3 d4 14. Qxd4 Bxh2+ 15. Kxh2 Qxd4 16. Ne4 cxd3 17. Rxd3 Qe5+ 18. Kg1 Nxe4 19. fxg4 Qc5+ 20. Re3 Qxc2 21. Rfe1 Rae8 22. d3 Qf2+ 23. Kh2 Ng5 24. Rxe8 Nf3+ 25. Kh3 Qh4# 0-1

[Event "IECC CL3-1999.27"]
[Site "IECC email"]
[Date "1999.07.14"]
[Round "?"]
[White "Djabri, Zafer M"]
[Black "Goldshtein, Sasha"]
[Result "1-0"]
[WhiteElo "1911"]
[BlackElo "1998"]
[PlyCount "53"]
[EventDate "1999.??.??"]
[EventType "tourn (corr)"]
[EventRounds "4"]
[SourceTitle "Corr 2008"]
[Source "ChessBase"]
[SourceDate "2008.06.24"]
[SourceVersion "1"]
[SourceVersionDate "2008.06.24"]
[SourceQuality "1"]

1. c4 Nf6 2. Nc3 e6 3. e4 d5 4. e5 d4 5. exf6 dxc3 6. bxc3 Qxf6 7. d4 e5 8. Nf3 exd4 9. Bg5 Qe6+ 10. Be2 f6 11. Nxd4 Qf7 12. Bh6 Bd6 13. Bh5 g6 14. Be2 Bf8 15. Bxf8 Kxf8 16. h4 Kg7 17. h5 Na6 18. Qd2 Bd7 19. h6+ Kg8 20. 0-0 Rd8 21. Nb3 b6 22. Rad1 Nb8 23. Bf3 Rf8 24. Nd4 c6 25. Rfe1 g5 26. Nxc6 Bxc6 27. Qd6 1-0

[Event "IECC Swiss email"]
[Site "IECC email"]
[Date "1999.07.13"]
[Round "?"]
[White "Goldshtein, Sasha"]
[Black "Guyot, Patrick"]
[Result "1/2-1/2"]
[WhiteElo "2005"]
[BlackElo "1845"]
[PlyCount "44"]
[EventDate "1999.??.??"]
[EventType "tourn (corr)"]
[EventRounds "6"]
[SourceTitle "Corr 2008"]
[Source "ChessBase"]
[SourceDate "2008.06.24"]
[SourceVersion "1"]
[SourceVersionDate "2008.06.24"]
[SourceQuality "1"]

1. e4 c6 2. d4 d5 3. Nc3 dxe4 4. Nxe4 Nf6 5. Nxf6+ gxf6 6. c3 Bf5 7. Ne2 Bg7 8. Ng3 Bg6 9. Qb3 Qc7 10. Bf4 Qxf4 11. Qxb7 0-0 12. Qxa8 Qc7 13. d5 e6 14. Bc4 exd5 15. Bxd5 cxd5 16. Qxd5 Rd8 17. Qf3 Rd3 18. Qe2 Rxc3 19. Qe8+ Bf8 20. bxc3 Qxc3+ 21. Ke2 Qd3+ 22. Ke1 Qc3+ 1/2-1/2

[Event "IECC M email"]
[Site "IECC email"]
[Date "1999.03.28"]
[Round "?"]
[White "Koolsbergen, Nico"]
[Black "Goldshtein, Sasha"]
[Result "1-0"]
[WhiteElo "1846"]
[BlackElo "1999"]
[PlyCount "139"]
[EventDate "1999.??.??"]
[EventType "tourn (corr)"]
[EventRounds "6"]
[SourceTitle "Corr 2008"]
[Source "ChessBase"]
[SourceDate "2008.06.24"]
[SourceVersion "1"]
[SourceVersionDate "2008.06.24"]
[SourceQuality "1"]

1. c4 Nf6 2. g3 e5 3. d3 d5 4. cxd5 Nxd5 5. Nf3 Nc6 6. Bg2 Be7 7. Nc3 Nb6 8. 0-0 0-0 9. a3 Be6 10. b3 Qd7 11. Bb2 f5 12. Qc2 Nd4 13. Nxd4 exd4 14. Nb1 c5 15. Nd2 Nd5 16. Nf3 f4 17. Ne5 Qc7 18. Nf3 fxg3 19. hxg3 b5 20. Nxd4 cxd4 21. Qxc7 Nxc7 22. Bxa8 Rxa8 23. Bxd4 Bxb3 24. Rfb1 Bc2 25. Rc1 Ne6 26. Be5 Ba4 27. d4 Re8 28. f3 Rd8 29. e3 Kf7 30. Rc6 h5 31. Ra6 Ng5 32. Kf2 Rd7 33. Rh1 g6 34. e4 Ne6 35. Ke3 Nc7 36. Bxc7 Rxc7 37. d5 Bxa3 38. g4 Rc3+ 39. Kf4 Bc5 40. gxh5 gxh5 41. Rxh5 Rxf3+ 42. Ke5 Bb6 43. Rh7+ Kf8 44. d6 Rd3 45. Ke6 Bb3+ 46. Kd7 Re3 47. Re7 Bc2 48. Re8+ Kf7 49. Re7+ Kf6 50. Re6+ Kg7 51. Ke7 Bb3 52. Re5 Rf3 53. Rg5+ Kh6 54. Rxb5 Bc4 55. Raxb6 axb6 56. Rf5 Re3 57. Re5 Rg3 58. d7 Rg7+ 59. Kd8 Be2 60. Re6+ Kg5 61. Re7 Rg8+ 62. Kc7 Bg4 63. d8Q Rxd8 64. Kxd8 b5 65. Kc7 b4 66. Rg7+ Kf4 67. Kd6 b3 68. e5 Bc8 69. e6 Ba6 70. Rg8 1-0

[Event "IECC TH-M email"]
[Site "IECC email"]
[Date "1999.03.28"]
[Round "?"]
[White "Nowicki, Andrzej"]
[Black "Goldshtein, Sasha"]
[Result "0-1"]
[WhiteElo "1869"]
[BlackElo "1985"]
[PlyCount "108"]
[EventDate "1999.??.??"]
[EventType "match (corr)"]
[EventRounds "2"]
[SourceTitle "Corr 2008"]
[Source "ChessBase"]
[SourceDate "2008.06.24"]
[SourceVersion "1"]
[SourceVersionDate "2008.06.24"]
[SourceQuality "1"]

1. e4 c5 2. c3 e6 3. d4 d5 4. exd5 exd5 5. Nf3 Nc6 6. Bd3 cxd4 7. Nxd4 Nxd4 8. cxd4 Nf6 9. 0-0 Bd6 10. Re1+ Be6 11. Qa4+ Nd7 12. Nc3 0-0 13. Nb5 Bb8 14. Be3 Qh4 15. g3 Qg4 16. Qb3 Nb6 17. Bd2 Nc4 18. Bb4 Re8 19. Qc2 Rc8 20. Be2 Qh3 21. Bf1 Qg4 22. Bc5 b6 23. Bxc4 dxc4 24. Bd6 a6 25. Bxb8 Raxb8 26. Nc3 Qxd4 27. Rad1 Qg4 28. Rd6 Re8 29. Qa4 b5 30. Qd1 Qxd1 31. Nxd1 a5 32. Re5 Kf8 33. Rd4 Rbd8 34. Rxd8 Rxd8 35. Ne3 b4 36. Rxa5 Rd2 37. f4 g6 38. g4 Rxb2 39. f5 Re2 40. Ra8+ Kg7 41. fxe6 Rxe3 42. exf7 Kxf7 43. Rc8 Re4 44. h3 c3 45. Kf2 Ke6 46. Kf3 Re5 47. a3 Kd7 48. Rc4 bxa3 49. Rxc3 Ra5 50. Rc1 h5 51. Ke3 hxg4 52. hxg4 Ra4 53. Rg1 Ke6 54. Kd3 Kf6 0-1

[Event "IECC Swiss email"]
[Site "IECC email"]
[Date "1999.02.27"]
[Round "1"]
[White "Goldshtein, Sasha"]
[Black "Theofel, Heiner"]
[Result "1-0"]
[WhiteElo "1922"]
[BlackElo "1586"]
[PlyCount "49"]
[EventDate "1999.??.??"]
[EventType "tourn (corr)"]
[EventRounds "6"]
[SourceTitle "Corr 2008"]
[Source "ChessBase"]
[SourceDate "2008.06.24"]
[SourceVersion "1"]
[SourceVersionDate "2008.06.24"]
[SourceQuality "1"]

1. e4 e5 2. Nc3 Nf6 3. g3 d5 4. exd5 Nxd5 5. Bg2 Be6 6. Nf3 Bd6 7. Nxd5 Bxd5 8. d4 Nc6 9. dxe5 Bxe5 10. 0-0 0-0 11. Re1 Re8 12. Bf4 Bxf3 13. Qxf3 Bxf4 14. Qxf4 Qd7 15. Rad1 Rxe1+ 16. Rxe1 Rd8 17. c3 Kf8 18. Bxc6 bxc6 19. Qe3 Re8 20. Qc5+ Qd6 21. Rxe8+ Kxe8 22. Qxa7 Qd1+ 23. Kg2 Qd5+ 24. f3 c5 25. Qxc7 1-0

[Event "IECC M email"]
[Site "IECC email"]
[Date "1999.01.26"]
[Round "?"]
[White "Goldshtein, Sasha"]
[Black "Fayette, Sylvain"]
[Result "1-0"]
[WhiteElo "1930"]
[BlackElo "1754"]
[PlyCount "129"]
[EventDate "1999.??.??"]
[EventType "tourn (corr)"]
[EventRounds "6"]
[SourceTitle "Corr 2008"]
[Source "ChessBase"]
[SourceDate "2008.06.24"]
[SourceVersion "1"]
[SourceVersionDate "2008.06.24"]
[SourceQuality "1"]

1. d4 e6 2. c4 Bb4+ 3. Bd2 Qe7 4. Nf3 Nf6 5. g3 Nc6 6. Nc3 d5 7. cxd5 exd5 8. Bg2 0-0 9. 0-0 Bg4 10. Bg5 Rad8 11. Rc1 h6 12. Bxf6 Qxf6 13. e3 a6 14. h3 Bh5 15. a3 Bxc3 16. Rxc3 Rd6 17. Rc1 Rc8 18. b4 Bg6 19. Nd2 Ne7 20. Qe2 c6 21. Rfd1 Re8 22. Nb3 Nf5 23. Nc5 Nxd4 24. Qg4 Nc2 25. Nxb7 Rde6 26. Nc5 R6e7 27. Qe2 Nxa3 28. Qxa6 Nb5 29. Bxd5 Nc3 30. Bxc6 Nxd1 31. Rxd1 Rb8 32. Nd7 Rxd7 33. Rxd7 Rxb4 34. Rb7 Rxb7 35. Qa8+ Kh7 36. Qxb7 Kg8 37. Qd7 Kh7 38. Bd5 Kg8 39. Kg2 Qe5 40. Kh2 Qf6 41. Qe8+ Kh7 42. Kg2 h5 43. h4 Qb2 44. Qa4 Bd3 45. Qd1 Bg6 46. Qd4 Qb5 47. Kf3 Bc2 48. Qe5 g6 49. Qd4 Qd7 50. e4 Kg8 51. Qf6 Kf8 52. Qh8+ Ke7 53. Qg7 Bd1+ 54. Ke3 Qa7+ 55. Kd2 Qxf2+ 56. Kxd1 Qf3+ 57. Kd2 Qf2+ 58. Kc1 Qe1+ 59. Kc2 Qe2+ 60. Kc3 Qe1+ 61. Kc4 Qf1+ 62. Kc5 Qc1+ 63. Bc4 Qe3+ 64. Qd4 Qxg3 65. Kc6 1-0

[Event "IECC M email"]
[Site "IECC email"]
[Date "1998.09.02"]
[Round "?"]
[White "Goldshtein, Sasha"]
[Black "Futida, Souitiro"]
[Result "1/2-1/2"]
[WhiteElo "1863"]
[BlackElo "1991"]
[PlyCount "78"]
[EventDate "1998.??.??"]
[EventType "tourn (corr)"]
[EventRounds "12"]
[SourceTitle "Corr 2008"]
[Source "ChessBase"]
[SourceDate "2008.06.24"]
[SourceVersion "1"]
[SourceVersionDate "2008.06.24"]
[SourceQuality "1"]

1. Nf3 Nf6 2. d4 e6 3. c4 b6 4. g3 Ba6 5. b3 Bb4+ 6. Bd2 Be7 7. Bg2 c6 8. Bc3 d5 9. Ne5 Nfd7 10. Nxd7 Nxd7 11. Nd2 0-0 12. 0-0 Rc8 13. e4 b5 14. Re1 dxc4 15. bxc4 bxc4 16. Qa4 Bb5 17. Qc2 Rb8 18. Bf1 c5 19. a4 Ba6 20. Red1 cxd4 21. Bxd4 Qc7 22. Nxc4 Bf6 23. Bxf6 Nxf6 24. Rac1 Rfc8 25. Nd6 Qxc2 26. Nxc8 Qxa4 27. Rd8+ Ne8 28. Ra1 Rxc8 29. Rxc8 Qd7 30. Bxa6 g6 31. Ra8 Qc6 32. Rxa7 Qxe4 33. Bb7 Qb4 34. h3 Nd6 35. Bf3 Qc3 36. R1a3 Qc1+ 37. Kg2 Nb5 38. Ra8+ Kg7 39. Rd3 h6 1/2-1/2